000 02026agaaa2200313 4500
001 8007
003 IT-RoPAU
005 20220918181228.0
007 d cvaizq
008 50131s9999||||xx ||| | || ||und||
040 _aIT-RoPAU
_cIT-RoPAU
041 _aITALIANO
100 _aLo Giudice Ambrogio
_gCodice regista SPICS: 59196
_939423
130 _aPRIMA DAMMI UN BACIO
_939424
245 _aPRIMA DAMMI UN BACIO
_cProdotto da: Morabito V. Belardi -- Sceneggiatura: Lo Giudice Ambrogio -- Diretto da: Lo Giudice Ambrogio
_pPRIMA DAMMI UN BACIO (Rif. Codice opera principale : H8007)
250 _aEdizione Standard
260 _a(ITALIA)
_bSUNFLOWER PRODUCTION / Distribuzione: MONDADORI
_g"2003 (1° ed.: 2007 ; Ed. Lingua Orig.: 2003)"
300 _aDVD
_bsonoro, col.
_c88 minuti
508 _a"Fotografia: Corticelli Gianfilip; Montaggio: Manzoni Paolo; Musica: Dalla Lucio; Sceneggiatura: Lo Giudice Ambrogio; Scenografia: Scarpa Leonardo; "
511 _a"Rocca Stefania; Cocci Marco; Zingaretti Luca; Filippi Camilla; Mannoia Fiorella"
520 _a"ADELE E MARCELLO SONO SEGNATI DAL DESTINO FIN DALLA NASCITA: NASCONO NELLOSTESSO ISTANTE E DA QUEL MOMENTO SARANNO TESTIMONI DI UN'INCREDIBILE STORIA D'AMORE: DUE META' DELLA STESSA ANIMA CHE IL DESTINO HA VOLUTO UNIRE ALLANASCITA E DIVIDERE PER UNA VITA INTERA. O QUASI, LORIS, TESTIMONE E NARRATORE DELLA LORO LUNGA STORIA DOPO AVER CELEBRATO PER GIOCO IL LORO MATRIMONIO DA BAMBINI, LI SEGUIRA' PER TUTTA LA VITA CONDIVIDENDO SENSAZIONI, EMOZIONI ED ESPERIENZE. CONTRIBUTI EXTRA: BACKSTAGE; INTERVISTE CON CAST E REGISTA; SCENE ELIMINATE; VIDEOCLIP DI LUCIO DALLA."
538 _aPAL, STEREO
546 _aITALIANO
650 _aCOMMEDIA
_eDVD-FILM [DVD]
_xCodice MATERIA SPICS: 9947
_936668
700 _aDalla Lucio
_e(musica)
_gCodice Musica SPICS: 10843
_939425
700 _aLo Giudice Ambrogio
_e(regista)
_gCodice regista SPICS: 59196
_939426
700 _aLo Giudice Ambrogio
_e(soggetto)
_gCodice Soggetto SPICS: 59196
_939427
942 _cDV
_2ddc
999 _c105092
_d105092